[Event "BL 2016-17"]
[Site "Berlin"]
[Date "2017.04.30"]
[Round "14"]
[White "Anand, Viswanathan"]
[Black "L'Ami, Erwin"]
[Result "1-0"]
[WhiteElo "2786"]
[BlackElo "2613"]
[Annotator "TA"]
[PlyCount "61"]
[EventDate "2017.??.??"]
[EventType "team-tourn"]
[EventCountry "GER"]
[SourceTitle "playchess.com"]
[Source "ChessBase"]
[SourceQuality "1"]
[WhiteTeam "Baden-Baden"]
[BlackTeam "Solingen"]

{[%evp 17,61,47,47,23,48,24,28,29,25,31,42,41,39,16,71,42,52,42,70,66,96,95,79,42,65,44,31,37,33,27,109,112,124,113,104,98,233,222,237,235,400,409,404,402,714,695]} 1. e4 e5 2. Nf3 Nc6 3. Bb5 Bc5 4. c3 f5 5. d4 fxe4 6. Bxc6 dxc6 7. Nxe5 Bd6 8. Qh5+ g6 9. Qe2 Bf5 {LiveBook: 9 Games. C64: Ruy Lopez: Classical Defence (3...Bc5) except 4 0-0 Nf6} 10. h3 (10. Nd2 Bxe5 11. dxe5 Qd5 12. Nc4 Be6 13. b3 O-O-O 14. O-O Qd3 15. Qb2 Bxc4 16. bxc4 Qxc4 17. Qa3 {½-½ (28) Motylev,A (2704)-Sokolov,I (2654) Poikovsky 2010}) 10... Qe7 11. Bf4 Nf6 {White has an edge.} 12. Nd2 O-O-O 13. O-O $146 (13. Ndc4 Be6 14. Bh2 Nd7 15. Nxd6+ cxd6 16. Nxd7 Bxd7 17. Qe3 {½-½ (17) Van Delft,M (2424)-Ris,R (2416) Wijk aan Zee 2013}) 13... Rhg8 14. Bh2 h5 15. Ndc4 Nd5 (15... g5 $11) 16. f3 exf3 17. Qxf3 Bxe5 18. Nxe5 Qh7 19. c4 Ne7 20. Rad1 Kb8 21. g4 hxg4 22. hxg4 Be6 $1 23. Qf6 Bc8 (23... Rh8 $11 {remains equal.} 24. Rf2 Rd6) 24. Nf7 $36 {[%mdl 2048] White is really pushing.} Rd7 {[#]} 25. Ng5 $1 {[%cal Rg5h7]} Qh4 {White must now prevent ...Nf5!} 26. Qf4 Rh8 (26... b5 $16) 27. Bg3 Qh6 28. Kg2 b6 $2 (28... a6 29. Qe5 Rg8) 29. Qe5 $18 {[#] aiming for Rh1.} Re8 30. Rh1 Qf8 (30... Nd5 $142) 31. Ne6 1-0

[Event "BL 2016-17"]
[Site "Berlin"]
[Date "2017.04.30"]
[Round "14"]
[White "Tomashevsky, Evgeny"]
[Black "Gharamian, Tigran"]
[Result "1-0"]
[WhiteElo "2701"]
[BlackElo "2625"]
[Annotator "TA"]
[PlyCount "79"]
[EventDate "2017.??.??"]
[EventType "team-tourn"]
[EventCountry "GER"]
[SourceTitle "playchess.com"]
[Source "ChessBase"]
[SourceQuality "1"]
[WhiteTeam "Hockenheim"]
[BlackTeam "Schwäbisch Hall"]

{[%evp 19,79,17,14,4,14,8,13,14,25,24,36,36,34,22,41,41,64,62,63,70,71,61,62,32,94,60,79,79,76,83,183,195,177,116,116,108,240,259,261,170,264,260,360,362,255,142,247,256,312,185,628,609,621,644,616,614,632,616,718,704,677,622]} 1. c4 Nf6 2. Nc3 e6 3. d4 d5 4. cxd5 exd5 5. Bg5 c6 6. e3 Be7 7. Bd3 Nbd7 8. Qc2 Nh5 9. Bxe7 Qxe7 10. O-O-O Nb6 11. Kb1 {D36: Queen's Gambit Declined: Exchange Variation: Main line (5 Bg5 c6 6 Qc2)} ({Relevant:} 11. h3 g6 12. Nf3 Be6 13. Kb1 O-O-O 14. Nd2 Ng7 15. g4 Kb8 16. Nb3 h5 17. f3 Bc8 18. Qf2 hxg4 19. hxg4 Ne6 20. f4 {0-1 (75) Nakamura,H (2793)-Onischuk,A (2667) Saint Louis 2017}) 11... g6 12. h3 Ng7 13. g4 {The position is equal.} Bd7 14. Nf3 O-O-O 15. a4 {[%cal Ba2a4,Ba4a5,Ba5a6][%mdl 32]} Qb4 16. Ne5 Be6 17. Be2 Kb8 {[#]} 18. Nd3 $146 ({Predecessor:} 18. Ka1 Nc4 {½-½ (86) Kuzubov,Y (2663)-Guliev,L (2377) Baku 2014}) 18... Qd6 19. a5 $36 {[%mdl 2048] Black is under pressure.} Nd7 20. a6 b6 21. e4 {[%cal Be3e4,Be4e5][%mdl 32]} Rc8 ({Black should play} 21... dxe4 $14 22. Nxe4 Qxd4) 22. e5 Qe7 23. f4 f5 24. Rc1 c5 (24... h6 $16 {might work better.}) 25. Qa4 $18 cxd4 26. Qxd4 (26. Nb5 $1 $18 {[%cal Rb5d6] Hoping for Nd6.} Nc5 27. Nxc5 (27. Qxd4 Nb3 28. Rxc8+ Rxc8 $11) 27... Rxc5 28. Nd6 (28. Qxd4 Rhc8 $14) 28... Rxc1+ 29. Rxc1) 26... Nc5 $16 27. Nxc5 ({Inferior is} 27. Nxd5 Qd7 28. Nxc5 bxc5 29. Rxc5 Rxc5 30. Qxc5 Bxd5 31. Qb4+ Ka8 $17) 27... bxc5 (27... Rxc5 $16 {was called for.} 28. Na4 Rxc1+ 29. Rxc1 Rc8) 28. Qa4 $1 $18 {[%cal Ra4b3]} ({Not} 28. Nxd5 Qd7 29. Rxc5 Rxc5 30. Qxc5 Qxd5 31. Qb4+ Ka8 $17) 28... Qc7 29. Bf3 Rhd8 {[#]} (29... Qc6 $142) 30. Rhd1 $1 {[%cal Rc3d5]} d4 {aiming for ...Qb6.} 31. Qb5+ Qb6 32. Qxb6+ axb6 33. Nb5 {[%csl Gb5][%cal Ra6a7]} Rd7 {[#]} 34. Rd3 (34. b4 $142 $1 {[%mdl 512]}) 34... Bd5 $2 (34... Ra7) 35. a7+ {White is clearly winning.} Ka8 {[#]} 36. Rxd4 $1 {[%mdl 512]} Bxf3 (36... cxd4 37. Rxc8+) 37. Rxd7 Ne6 38. gxf5 gxf5 39. Re7 Be4+ 40. Ka1 1-0

[Event "BL 2016-17"]
[Site "Berlin"]
[Date "2017.04.30"]
[Round "14"]
[White "Bacrot, Etienne"]
[Black "Naumann, Alexander"]
[Result "1-0"]
[WhiteElo "2696"]
[BlackElo "2565"]
[Annotator "TA"]
[PlyCount "95"]
[EventDate "2017.??.??"]
[EventType "team-tourn"]
[EventCountry "GER"]
[SourceTitle "playchess.com"]
[Source "ChessBase"]
[SourceQuality "1"]
[WhiteTeam "Baden-Baden"]
[BlackTeam "Solingen"]

{[%evp 23,95,33,40,24,37,45,52,29,34,25,31,11,18,4,0,8,19,0,0,0,0,0,0,0,0,-12,-11,-12,0,0,0,0,0,0,0,0,0,0,26,-207,111,118,108,109,114,116,297,273,370,397,397,390,347,341,689,455,457,438,372,270,416,400,488,393,572,529,754,670,29973,29972,29990,29991,29992,29993]} 1. e4 e5 2. Nf3 Nc6 3. Bc4 Nf6 4. d3 Be7 5. O-O O-O 6. Re1 d6 7. a4 Na5 8. Ba2 {C55: Two Knights: 4 d3, 4 d4 exd4 5 e5 and Max Lange Attack} c5 9. c3 (9. Nbd2 Be6 10. Bxe6 fxe6 11. c3 Nc6 12. Nf1 Ne8 13. Ng3 Nc7 14. Bd2 a6 15. Qe2 Qd7 {1-0 (39) Carlsen,M (2840)-Pavasovic,D (2548) chess.com INT 2017}) 9... Nc6 10. Na3 h6 11. Bd2 a6 12. h3 Rb8 {LiveBook: 5 Games} 13. Nc2 $146 (13. b4 cxb4 14. cxb4 b5 15. axb5 axb5 {1-0 (31) Bacrot,E (2689)-Cox,J (2320) London 2016}) 13... b5 14. axb5 axb5 15. b4 cxb4 16. cxb4 Be6 17. Bxe6 fxe6 18. d4 Qd7 19. Ra3 Rfc8 20. Rd3 {And now dxe5 would win.} exd4 21. Nfxd4 Nxd4 22. Nxd4 Rc4 23. Qf3 Kh7 24. g4 {[%cal Bg2g4,Bg4g5][%mdl 32]} Rf8 25. Qg2 Bd8 {[%cal Be7d8,Bd8b6,Bb6f2][%mdl 32]} 26. g5 Bb6 27. Nf3 $36 {[%mdl 2048] White has good play.} Nxe4 {[#]} 28. Ne5 $1 {[%mdl 512]} Qb7 ({Much worse is} 28... Bxf2+ $6 29. Qxf2 Rxf2 30. g6+ Kg8 31. Nxd7 Rxd2 32. Ra3 $18) (28... dxe5 29. Rxd7) 29. Nxc4 Bxf2+ 30. Kh2 Bxe1 31. Na5 $2 {[#]} (31. Nxd6 $11 Nxd6 32. g6+ Kg8 33. Qxb7 Nxb7 34. Bxe1) 31... Qa8 $2 ({Black should try} 31... Bg3+ $1 $19 32. Qxg3 (32. Rxg3 $2 Qd5 33. g6+ Kh8 $19) 32... Qc7 33. g6+ Kg8) 32. g6+ $16 Kg8 33. Bxe1 d5 34. Rf3 Rc8 $2 (34... Rf6 $16) 35. Bg3 $18 Qa7 36. Be5 Ng5 37. Rf2 Qe7 38. Qg4 Ne4 $2 (38... Rf8 39. Rxf8+ Qxf8) 39. Ra2 {Threatens to win with Nc6!} Nf6 40. Qf4 Nd7 41. Bd6 Qe8 (41... Qf6 {was called for.} 42. Qxf6 gxf6) 42. Rg2 Nf6 43. Be5 Ne4 (43... Qe7 {was necessary.} 44. Nb3 Nd7) 44. Nb3 Rc4 45. Nd4 Rxb4 {[#]} 46. Bxg7 $1 {[%mdl 512] White mates.} Kxg7 47. Qe5+ Kg8 48. Nxe6 1-0

[Event "BL 2016-17"]
[Site "Berlin"]
[Date "2017.04.30"]
[Round "14"]
[White "Rapport, Richard"]
[Black "Caruana, Fabiano"]
[Result "0-1"]
[WhiteElo "2696"]
[BlackElo "2817"]
[Annotator "TA"]
[PlyCount "80"]
[EventDate "2017.??.??"]
[EventType "team-tourn"]
[EventCountry "GER"]
[SourceTitle "playchess.com"]
[Source "ChessBase"]
[SourceQuality "1"]
[WhiteTeam "Solingen"]
[BlackTeam "Baden-Baden"]

{[%evp 8,80,18,3,4,10,12,28,20,21,27,22,20,12,21,20,31,34,15,17,43,0,39,23,57,64,77,80,101,87,79,60,60,60,60,76,73,75,89,66,58,67,95,103,100,76,95,97,91,83,35,37,44,82,65,0,99,30,222,-10,-2,-88,-78,-568,-559,-1275,-1239,-1338,-1243,-1732,-1645,-1645,-1625,-1573,-1566]} 1. Nf3 d5 2. c4 d4 3. b4 Bg4 4. g3 {A09: Réti Opening: 1 Nf3 d5 2 c4} Bxf3 5. exf3 {LiveBook: 4 Games} e6 $146 (5... a5 6. b5 Nd7 7. Bg2 e6 8. O-O Ngf6 9. f4 Nc5 10. d3 Nfd7 11. Nd2 Be7 {½-½ (70) Mareco,S (2606)-Nakamura,H (2789) Baku 2016}) 6. b5 {The position is equal.} Nf6 7. Bg2 a6 8. f4 axb5 9. cxb5 c6 10. O-O Be7 11. bxc6 Nxc6 12. a4 O-O 13. Na3 Nd7 14. d3 Ra6 15. Nc4 Qc7 16. Bd2 $1 b6 17. f5 e5 18. f4 Nc5 19. Qf3 e4 20. dxe4 d3 $1 {Black wants to play ...Nd4.} 21. Ne3 Nd4 22. Qg4 Rd8 23. Nd5 Rxd5 $1 24. exd5 {Strongly threatening Rfe1.} Bf6 25. Rae1 {[%cal Re1e8]} Qd7 26. Qh3 Rxa4 27. g4 Ra2 {And now ...Ne2+ would win.} 28. g5 Rxd2 29. gxf6 {Re7 is the strong threat.} Re2 $1 30. Ra1 Re8 31. fxg7 ({White should play} 31. Kh1 $14) 31... d2 {[#]} (31... Ne2+ $11 32. Kh1 Nc3) 32. f6 ({White should try} 32. Rad1 $1 $16 {[%cal Rd1d2]} Ncb3 33. Rb1) 32... Qd8 $2 {[#]} (32... Nc2 $11 {and Black is okay.} 33. Ra2 (33. Qxd7 Nxd7 34. Rad1 Ne3 35. Rxd2 Nxf1 36. Kxf1 Nxf6 $16) 33... Ne3 34. Rxd2 Nxf1 35. Bxf1 (35. Kxf1 Qa4 36. Kg1 Qa1+ 37. Bf1 Qxf6 $14) 35... Qxh3 36. Bxh3 Ne4) 33. Qh4 $2 (33. Rad1 $1 $18) 33... Nf5 (33... Ne2+ $5 34. Kh1 $8 Nc3 $16) 34. Qg5 (34. Qf2 $1 $11 {was the only way to keep the balance.} Ne3 35. Qxd2 Nxf1 36. Rxf1 (36. Bxf1 Nb3 37. Qf2 Nxa1 $15)) 34... Ne3 $17 35. Rfb1 $2 {[%mdl 8192]} (35. f5 $17 {nothing else works.}) 35... Nc2 $19 {Black is clearly winning.} 36. Bh3 {Threatens to win with Bf5!} Ne4 (36... Nxa1 37. Bf5 Re1+ 38. Kf2 Ne4+ 39. Bxe4 Rxe4 40. Rd1 (40. Rxa1 $2 Qe8 41. Qe5 Rxe5 $19)) 37. Qf5 Nxa1 38. Rxa1 Nd6 39. Qe5 Rxe5 40. fxe5 Nc4 0-1

[Event "BL 2016-17"]
[Site "Berlin"]
[Date "2017.04.30"]
[Round "14"]
[White "Nisipeanu, Liviu-Dieter"]
[Black "Georgiadis, Nico"]
[Result "1/2-1/2"]
[WhiteElo "2684"]
[BlackElo "2478"]
[Annotator "TA"]
[PlyCount "116"]
[EventDate "2017.??.??"]
[EventType "team-tourn"]
[EventCountry "GER"]
[SourceTitle "playchess.com"]
[Source "ChessBase"]
[SourceQuality "1"]
[WhiteTeam "TU Dresden"]
[BlackTeam "Griesheim"]

{[%evp 18,116,4,0,17,0,18,0,0,0,0,-27,0,0,18,0,1,-31,-6,-8,33,36,37,30,60,26,43,0,0,0,0,0,0,0,0,5,87,67,154,7,20,17,110,103,275,277,277,279,270,0,102,102,102,102,102,102,102,102,102,102,106,102,102,102,87,88,113,88,99,99,99,85,324,80,336,336,243,19,19,19,30,0,0,0,57,0,0,0,0,0,0,0,0,0,0,0,0,0,0,0,0]} 1. e4 c5 2. Nf3 d6 3. c3 Nf6 4. Be2 Nbd7 5. d3 g6 6. O-O Bg7 7. Re1 O-O 8. Bf1 b6 {B50: Sicilian: 2...d6, Miscellaneous} 9. a4 {[%cal Ba2a4,Ba4a5,Ba5a6][%mdl 32]} Bb7 10. Nbd2 {LiveBook: 12 Games} Qc7 11. a5 $146 (11. g3 e5 12. Bg2 Rfe8 13. Qc2 Rad8 14. Nf1 h6 15. Ne3 d5 16. exd5 Nxd5 {0-1 (28) Kim,A (2414)-Jobava,B (2556) Moscow 2002}) 11... Rac8 12. a6 Bc6 13. d4 e6 14. b4 b5 15. bxc5 dxc5 16. Ba3 Rfd8 $1 17. Bd3 (17. dxc5 Nxe4 $1 {[%mdl 512]} 18. Nxe4 Nxc5 $15) 17... Rb8 18. Qe2 Qb6 19. Reb1 Bf8 20. h3 cxd4 21. cxd4 b4 22. Bc1 {[%cal Ba3c1,Bc1f4,Bf4g5,Bg5f6][%mdl 32]} Bb5 23. Nc4 Qc6 24. Nfe5 Nxe5 25. Nxe5 Bxd3 26. Qxd3 Qc7 (26... Qxe4 $11 {remains equal.} 27. Qxe4 Nxe4) 27. Bf4 $36 {[%mdl 2048] White has good play.} Rbc8 ({Black should try} 27... Nh5 $1 $14 28. Bh2 Qc3) 28. Rc1 (28. Qf3 $1 $16 {Black must now prevent Ng4.} Qc3 29. Be3) 28... Qb6 $11 29. Bg5 Be7 (29... b3 $1 $11 30. Rxc8 (30. Bxf6 b2 31. Nc4 Be7 32. Nxb2 Bxf6 33. Rxc8 Rxc8 $15) 30... Rxc8) 30. Qf3 $16 b3 $2 (30... Kg7 $16) 31. Rxc8 $18 Rxc8 32. Bxf6 b2 33. Rb1 $2 ({White must play} 33. Rd1 $1 $18 b1=Q 34. Bxe7 Qxd1+ 35. Qxd1) 33... Qxd4 {[#]} (33... Rc1+ $11 34. Kh2 Bd6 35. Rxb2 (35. Qd3 $2 Rxb1 36. Qxb1 Qxd4 $19) 35... Qxb2) 34. Ng4 $1 $16 ({And not} 34. Kh2 Bd6 35. Qe3 Bxe5+ 36. Bxe5 Qxe5+ 37. f4 Qd6 38. Rxb2 Qxa6 $17) 34... Bxf6 35. Qxf6 ({Don't play} 35. Nxf6+ Kg7 36. Kh2 Qxf6 37. Qxf6+ Kxf6 38. Rxb2 Rc6 $15) 35... Qxf6 36. Nxf6+ Kg7 37. Rxb2 Kxf6 {[%mdl 4096] Endgame KR-KR} 38. Rb7 Rc1+ 39. Kh2 Re1 {[#]} 40. f3 $1 Ra1 41. Rxa7 g5 42. Kg3 h5 43. h4 gxh4+ 44. Kxh4 Rh1+ 45. Kg3 {Rc7 is the strong threat.} h4+ $2 {[%mdl 8192]} (45... Ra1 $16 46. Kf4 e5+ 47. Kg3 Kg6) 46. Kg4 $18 Rh2 47. Rc7 $2 (47. f4 $18) 47... Rxg2+ $11 48. Kxh4 Ra2 49. a7 {Hoping for f4.} e5 $1 50. Kg3 (50. Rc6+ $11 Ke7 51. Rc7+ Ke6 52. Kg5) 50... Kg6 $1 $14 51. f4 ({Better is} 51. Re7 $14) 51... Ra3+ $11 {The position is equal.} 52. Kg4 exf4 53. Kxf4 Kf6 54. Rb7 Ke6 55. Kg5 {Strongly threatening Kf4.} Ra1 56. Rc7 Ra2 57. Kh6 {aiming for Kg7.} f5 $1 58. exf5+ Kxf5 1/2-1/2

[Event "BL 2016-17"]
[Site "Berlin"]
[Date "2017.04.30"]
[Round "14"]
[White "Laznicka, Viktor"]
[Black "Karpov, Anatoly"]
[Result "1/2-1/2"]
[WhiteElo "2670"]
[BlackElo "2624"]
[Annotator "TA"]
[PlyCount "105"]
[EventDate "2017.??.??"]
[EventType "team-tourn"]
[EventCountry "GER"]
[SourceTitle "playchess.com"]
[Source "ChessBase"]
[SourceQuality "1"]
[WhiteTeam "Schwäbisch Hall"]
[BlackTeam "Hockenheim"]

{[%evp 14,105,9,3,3,7,6,2,6,4,8,5,8,6,39,39,39,40,30,38,51,59,48,54,66,66,65,66,85,78,84,41,118,113,121,120,118,104,137,135,128,126,285,287,266,266,266,279,274,259,247,171,167,154,170,164,138,133,143,0,0,-47,-47,-47,-47,-47,-47,-47,0,-47,-47,-47,-47,-47,-47,-47,-47,-47,-47,-54,-54,-54,-62,-62,-62,-62,-28,-50,0,0,0,-14,0,0]} 1. d4 Nf6 2. c4 e6 3. Nc3 Bb4 4. Qc2 O-O 5. a3 Bxc3+ 6. Qxc3 b6 7. Bg5 Bb7 8. e3 d6 {E32: Nimzo-Indian: Classical (4 Qc2): 4...0-0} 9. Ne2 Nbd7 10. Qc2 c5 11. Rd1 Qc7 12. Nc3 cxd4 13. Rxd4 d5 14. cxd5 Bxd5 {[#]} 15. e4 $146 (15. Bd3 Rfc8 16. O-O {1-0 (63) Beliavsky,A (2646)-Dzagnidze,N (2518) Gibraltar 2009}) 15... Bb7 16. Be2 Rac8 17. O-O e5 18. Rc4 Qb8 19. Rd1 Ba6 20. Rxc8 Qxc8 21. Bxa6 (21. f3 $5 {with more complications.} Bc4 22. Bh4 Bxe2 23. Qxe2 a6 24. a4) 21... Qxa6 22. Nd5 h6 (22... Nxd5 $14 23. Rxd5 (23. exd5 Rc8 24. Qb1 Qa4 $11) 23... h6) 23. Bxf6 Nxf6 24. Nxf6+ gxf6 $16 {[%mdl 4096] Endgame KQR-KQR} 25. Rd6 Qc8 26. Qd1 Kg7 27. g3 Rh8 $2 {[#]} (27... f5 $16) 28. Qf3 $18 Qc1+ 29. Kg2 Qg5 30. h4 Qg6 31. Rd7 Ra8 32. b4 h5 33. Qd3 a6 34. Rc7 b5 35. Qd5 Rf8 36. Rc6 (36. Ra7 $16) 36... Rd8 $1 $11 {[%cal Rd8d5]} 37. Rd6 Rxd6 38. Qxd6 Qxe4+ $15 {KQ-KQ} 39. Kg1 Qe1+ 40. Kg2 Qe4+ 41. Kg1 {[#]} a5 $1 {[%mdl 512]} 42. bxa5 {Black must now prevent Qb6.} Qe1+ 43. Kg2 {And now Qb6 would win.} Qxa5 44. Qc5 Qa8+ 45. Kg1 Qa4 46. Kg2 Qe4+ 47. Kg1 Qd3 48. Kg2 Qd7 49. Kg1 Qe8 50. Qd5 f5 51. Kg2 {The position is equal.} f6 52. Kf1 Kg6 53. Kg2 {Precision: White = 86%, Black = 58%.} 1/2-1/2

[Event "BL 2016-17"]
[Site "Berlin"]
[Date "2017.04.30"]
[Round "14"]
[White "Fressinet, Laurent"]
[Black "Melkumyan, Hrant"]
[Result "1/2-1/2"]
[WhiteElo "2665"]
[BlackElo "2619"]
[Annotator "TA"]
[PlyCount "91"]
[EventDate "2017.??.??"]
[EventType "team-tourn"]
[EventCountry "GER"]
[SourceTitle "playchess.com"]
[Source "ChessBase"]
[SourceQuality "1"]
[WhiteTeam "Werder Bremen"]
[BlackTeam "SF Berlin"]

{[%evp 14,91,28,18,54,40,44,52,50,53,53,42,41,47,50,24,35,11,16,20,17,15,18,20,23,14,36,26,18,14,32,40,48,56,64,62,94,103,98,85,104,82,91,64,87,64,64,64,64,64,64,64,64,0,0,0,0,0,2,0,3,0,0,0,0,0,0,0,0,0,0,0,0,0,0,0,0,0,0,0]} 1. e4 c6 2. d4 d5 3. e5 Bf5 4. Nf3 e6 5. Be2 Nd7 6. O-O h6 7. c3 Ne7 8. a4 {LiveBook: 10 Games. B12: Caro-Kann: Advance Variation} (8. Na3 Bg6 9. Nc2 Nf5 10. g4 Ne7 11. Nh4 Bh7 12. f4 h5 13. f5 Qb6 14. a4 a5 15. Ne3 O-O-O 16. fxe6 fxe6 17. gxh5 {½-½ (67) Anand,V (2779)-Riazantsev,A (2671) Doha 2016}) 8... c5 9. dxc5 Nxc5 10. Nd4 $146 {White is slightly better.} (10. Be3 Nc6 11. a5 a6 12. Nd4 Bh7 13. b4 Nd7 14. f4 Be7 15. Nd2 Nxd4 16. Bxd4 {1-0 (37) Efendiyev,E (2497)-Legemaat,G (2351) ICCF email 2011}) 10... Bg6 11. a5 a6 12. Be3 Nf5 13. Nxf5 Bxf5 14. Nd2 Be7 15. Nb3 Rc8 16. Nxc5 Bxc5 17. Qa4+ Qd7 18. Bxc5 Rxc5 19. g4 $36 {[%mdl 2048] White has good play.} Bh7 20. Qxd7+ Kxd7 21. f4 {[%cal Bf2f4,Bf4e5][%mdl 32]} Be4 22. Kf2 f6 23. Ke3 Ke7 24. h4 fxe5 25. fxe5 Bg6 26. Rf4 Be8 27. Rb4 Rc7 28. Rf1 g5 29. h5 (29. Rf3 $5 {creates asymmetry.} Rh7 30. Rh3 Rg7 31. hxg5 hxg5 32. Rh6) 29... Rf8 30. Rxf8 Kxf8 $14 {[%mdl 4096] Endgame KRB-KRB} 31. Rb6 Ke7 32. Kd4 Bc6 33. Rb4 (33. c4 $14) 33... Kd8 $11 {The position is equal.} 34. Ke3 Rf7 35. Rd4 Kc7 36. b3 b6 37. axb6+ Kxb6 38. Rb4+ Bb5 39. Bxb5 axb5 {KR-KR} 40. c4 dxc4 41. bxc4 Kc5 42. Rxb5+ Kxc4 43. Rb6 Kd5 44. Rb5+ Kc6 45. Rb8 Kd5 46. Rb5+ 1/2-1/2

[Event "BL 2016-17"]
[Site "Berlin"]
[Date "2017.04.30"]
[Round "14"]
[White "Piorun, Kacper"]
[Black "Areshchenko, Alexander"]
[Result "1/2-1/2"]
[WhiteElo "2651"]
[BlackElo "2686"]
[Annotator "TA"]
[PlyCount "59"]
[EventDate "2017.??.??"]
[EventType "team-tourn"]
[EventCountry "GER"]
[SourceTitle "playchess.com"]
[Source "ChessBase"]
[SourceQuality "1"]
[WhiteTeam "SF Berlin"]
[BlackTeam "Werder Bremen"]

{[%evp 17,59,-26,-18,-15,0,0,9,5,6,0,0,0,0,0,0,0,0,0,0,10,4,12,0,0,0,0,0,0,0,0,20,0,0,0,10,0,0,0,6,0,0,0,6,0]} 1. Nf3 c5 2. c4 Nc6 {[%cal Bb8c6,Bc6e5,Be5c4][%mdl 32]} 3. d4 cxd4 4. Nxd4 Nf6 5. Nc3 e6 6. g3 Qb6 7. Nb3 Ne5 {A33: Symmetrical English: 2 Nf3 Nf6 3 d4 cxd4 4 Nxd4 e6 5 Nc3 Nc6} 8. Bg2 Nxc4 9. O-O Bb4 {LiveBook: 3 Games. Black has an edge.} 10. Bg5 {The position is equal.} Bxc3 $146 (10... d5 11. Bxf6 gxf6 12. Bxd5 Bxc3 13. Bxc4 Be5 14. Nd2 Bd7 15. Nf3 {½-½ (97) Nepomniachtchi,I (2705)-Leko,P (2707) Berlin 2015}) 11. bxc3 d5 12. Bxf6 gxf6 13. e4 dxe4 14. Qe2 Ne5 {White should prevent ...f5.} 15. Qxe4 O-O 16. c4 {[%cal Bc3c4,Bc4c5][%mdl 32]} Bd7 17. c5 Qc7 ({Of course not} 17... Qc6 $6 18. Qf4 Qc7 19. Qxf6 $16) 18. Qxb7 Qxb7 19. Bxb7 Rab8 20. Bg2 Bc6 21. Rfd1 Rfc8 22. Rac1 Bxg2 23. Kxg2 Nc6 24. Rc4 Rc7 25. Rd6 Kf8 26. Rh4 Kg7 27. Rg4+ Kf8 28. Rh4 Kg7 29. Rg4+ Kf8 30. Rh4 1/2-1/2

[Event "BL 2016-17"]
[Site "Berlin"]
[Date "2017.04.30"]
[Round "14"]
[White "Zuniga, Julio Ernesto"]
[Black "Bezold, Michael"]
[Result "1-0"]
[WhiteElo "2646"]
[BlackElo "2500"]
[Annotator "TA"]
[PlyCount "49"]
[EventDate "2017.??.??"]
[EventType "team-tourn"]
[EventCountry "GER"]
[SourceTitle "playchess.com"]
[Source "ChessBase"]
[SourceQuality "1"]
[WhiteTeam "Aufwärts Aachen"]
[BlackTeam "Bayern München"]

{[%evp 21,49,59,75,70,97,69,102,64,135,118,150,137,201,204,216,181,180,180,178,150,144,195,187,132,332,324,987,370,983,970]} 1. c4 c5 2. Nc3 Nf6 3. g3 e6 4. Nf3 a6 5. Bg2 Be7 6. O-O O-O 7. b3 Nc6 8. d4 cxd4 9. Nxd4 Qc7 10. Bb2 d6 11. Rc1 Ne5 12. e3 {A33: Symmetrical English: 2 Nf3 Nf6 3 d4 cxd4 4 Nxd4 e6 5 Nc3 Nc6} Bd7 ({Relevant:} 12... Rb8 13. f4 Ned7 14. g4 g6 15. g5 Nh5 16. Bf3 Ng7 17. h4 Nb6 18. h5 e5 19. h6 Nf5 20. Nxf5 Bxf5 {1-0 (32) Moiseenko,A (2657)-Tissir,M (2376) Doha 2016}) 13. Qe2 Rfe8 14. h3 $146 {White is better.} ({Predecessor (2):} 14. Rfd1 Rac8 15. Rd2 Qb8 16. Rcd1 Rcd8 17. Ba3 Bc8 18. h3 Ng6 19. Nc2 Qc7 {1-0 (95) Fierro Baquero,M (2384)-Franciskovic,B (2258) Istanbul 2012}) 14... Bf8 {[#]} (14... Ng6 $14) 15. g4 $1 $16 {[%cal Rg4g5] aiming for g5.} h6 16. f4 {[%cal Bf2f4,Bf4g5][%mdl 32]} Ng6 (16... Nc6 $16) 17. g5 $18 hxg5 18. fxg5 Nh7 19. Rxf7 Kxf7 20. Qh5 Kg8 {Hoping for ...Ne5.} 21. Qxg6 d5 {[#] With the idea ...Qe5.} 22. Rf1 $36 {[%mdl 2048] White has strong initiative.} ({And not} 22. cxd5 Qg3 $11) ({Better is} 22. Nce2 $1 $18) 22... Qe5 $2 (22... Re7 $16 {was worth a try.}) 23. Nd1 (23. cxd5 Qxe3+ 24. Kh1 Re7 $18) 23... Qd6 $2 ({Don't go for} 23... Nxg5 $2 24. Nb5 Qxb2 25. Nxb2 $18) (23... Qxg5 24. Qf7+ Kh8) 24. Qf7+ Kh8 25. Qh5 ({Not} 25. cxd5 e5 $18) 1-0